000 00750nam a2200157 i 4500
001 165831
003 ES-MaACL
005 20230906213219.0
008 050907s1888 sp |||| | spa d
100 1 _aStuyck, Juan.
_9132936
245 1 0 _aMemoria presentada por el director gerente Juan Stuyck a la Sociedad Especial Minera El Porvenir en la Junta General Ordinaria celebrada el día 29 de enero de 1888.
260 _aMadrid :
_b[s.n.],
_c1888 (
_fImp. y estereotipia de El Liberal)
300 _a43 p. ;
_c24 cm.
610 2 4 _aSociedad Especial Minera El Porvenir-
_vMemorias y balances.
_9134890
852 _aES-MaACL
_jT-905-F-7
_z- Enc. hol., conservando cub. original
_z. - Legado de Federico de Botella y de Hornos
_z- Enc. en un vol. facticio
999 _c165831
_d165831